| 000 | 00719nam a2200253Ia 4500 | ||
|---|---|---|---|
| 003 | OSt | ||
| 005 | 20220918214423.0 | ||
| 006 | a|||||r|||| 00| 0 | ||
| 007 | ta | ||
| 008 | 220917b |||||||| |||| 00| 0 eng d | ||
| 024 | _a137,412 | ||
| 037 | _cTextual | ||
| 040 |
_aARTS _cARTS _beng |
||
| 041 |
_2eng _aeng |
||
| 082 | _aY:351.23, E5 | ||
| 100 |
_aEnthoven R E _9131263 |
||
| 245 | 0 |
_aFolklore of the Kingdom _b Comp from materials collected by A M T Jackson |
|
| 260 |
_aDelhi _bCosmo Publications _c1915 |
||
| 300 |
_aii, 92p. , xxxviip. _ccm. |
||
| 490 | _aIndian Folklore | ||
| 650 |
_aFOLKLORE _926742 |
||
| 942 |
_hY:351.23, E5 _cTEXL _2CC |
||
| 999 |
_c260493 _d260493 |
||